Sistema cooperativo de adquisiciones -COPAS-

Sparad:
Bibliografiska uppgifter
Institutionell upphovsman: California Spanish Languaje Data Base
Materialtyp: Text
Publicerad: Oakland, California :
Taggar: Lägg till en tagg
Inga taggar, Lägg till första taggen!

MARC

LEADER 00000 a a2200000 04500
001 14560
003
040
090 |a 014300  
110 |a California Spanish Languaje Data Base  
245 |a Sistema cooperativo de adquisiciones -COPAS-  
260 |a Oakland, California :  
300 |a 5 p.  
999 |c 13055  |d 13055